00632nam a2200157 a 450000100100000000500170001000800410002702000180006804000250008610000270011124501440013826000510028230000360033350400730036950400320044200004417520201002045209.0140604s2009 dr ac 000 0 spa d a9789945130980 aDO-SdBNPbspacBNPHU1 aFranco Soto, Francisco13aEl estado dominicano y su inembargabilidad :bcon estudio comparado sobre el tema en Francia, España, Argentina /cFrancisco Franco Soto. aSanto Domingo :bEdiciones Jurídicas,c2009. a235 p. :bil., retrs. ;c26 cm. aIncluye referencias bibliográficas y notas al pie de las páginas aBibliografía : p. 229-230